| 000 | 02197cam a2200385 i 4500 | ||
|---|---|---|---|
| 001 | GVRL512N | ||
| 003 | MiFhGG | ||
| 005 | 20250820004435.0 | ||
| 006 | m o d | ||
| 007 | cr un ---uuuua | ||
| 008 | 220531t20212021nyua ob 000 0 eng d | ||
| 020 |
_a9781646933518 _q(electronic book) |
||
| 035 | _a(OCoLC)1325199180 | ||
| 040 |
_aMiFhGG _beng _cMiFhGG _erda _epn |
||
| 050 | 4 |
_aHF5429.29 _b.R48 2021 |
|
| 245 | 0 | 0 | _aRetail. |
| 250 | _aThird edition. | ||
| 264 | 1 |
_aNew York, New York : _bFerguson, _c[2021] |
|
| 264 | 4 | _c©2021 | |
| 300 |
_a1 online resource (450 pages) : _bcolor illustrations. |
||
| 336 |
_atext _btxt _2rdacontent |
||
| 337 |
_acomputer _bc _2rdamedia |
||
| 338 |
_aonline resource _bcr _2rdacarrier |
||
| 490 | 1 | _aFerguson's careers in focus | |
| 490 | 0 | _aGale eBooks | |
| 504 | _aIncludes bibliographical references. | ||
| 505 | 0 | _aAntiques and art dealers -- Auctioneers -- Automobile sales workers -- Automotive dealership owners -- Automotive dealership sales managers -- Bookkeeping and accounting clerks -- Business managers -- Buyers -- Cashiers -- Chief customer officers -- Cosmetics sales representatives -- Cosmetics shop owners and managers -- Counter and retail clerks -- Customer service directors -- Customer service representatives -- Florists -- Franchise owners -- Jewelers and jewelry repairers -- Loss prevention managers -- Market research analysts -- Merchandise displayers -- Personal shoppers -- Pet shop workers -- Retail business owners -- Retail loss prevention specialists -- Retail managers -- Retail sales workers -- Sales managers -- Sales representatives -- Stock clerks -- Supermarket workers -- Watch and clock repairers. | |
| 520 | _aThis book profiles jobs in Retail such as Antiques and Art Dealers, Auctioneers, Buyers, Cashiers, Florists, Loss Prevention Managers, Pet Shop Workers, Stock Clerks, Supermarket Workers, and more. | ||
| 650 | 0 |
_aRetail trade _xVocational guidance. |
|
| 710 | 2 | _aGale (Firm) | |
| 830 | 0 | _aCareers in focus. | |
| 856 | 4 | 0 |
_uhttps://link.gale.com/apps/pub/512N/GVRL?sid=gale_marc&u=phurs _zAvailable via Gale eBooks. Click here to access |
| 912 | _a512N | ||
| 942 |
_2lcc _cE-BOOK |
||
| 999 |
_c84329 _d84327 |
||